The grapes of wrath. (Record no. 16381)

MARC details
000 -LEADER
fixed length control field 00905nam a2200349Ia 4500
001 - CONTROL NUMBER
control field AUWbook000048
003 - CONTROL NUMBER IDENTIFIER
control field BDCtgAUW
005 - DATE AND TIME OF LATEST TRANSACTION
control field 20260406154803.0
008 - FIXED-LENGTH DATA ELEMENTS--GENERAL INFORMATION
fixed length control field 220908s9999 xx 000 0 eng d
020 ## - INTERNATIONAL STANDARD BOOK NUMBER
International Standard Book Number 0141185066
020 ## - INTERNATIONAL STANDARD BOOK NUMBER
International Standard Book Number 0142000663
040 ## - CATALOGING SOURCE
Original cataloging agency BDCtgAUW
Transcribing agency BDCtgAUW
050 ## - LIBRARY OF CONGRESS CALL NUMBER
Classification number PS3537.T3234G8
100 1# - MAIN ENTRY--PERSONAL NAME
Personal name Steinback, John.
9 (RLIN) 2226
245 #0 - TITLE STATEMENT
Title The grapes of wrath.
260 ## - PUBLICATION, DISTRIBUTION, ETC.
Place of publication, distribution, etc. Penguin Books :
Name of publisher, distributor, etc. New York,
Date of publication, distribution, etc. 2000.
650 #0 - SUBJECT ADDED ENTRY--TOPICAL TERM
Topical term or geographic name entry element American literature.
650 #0 - SUBJECT ADDED ENTRY--TOPICAL TERM
Topical term or geographic name entry element Depressions.
650 #0 - SUBJECT ADDED ENTRY--TOPICAL TERM
Topical term or geographic name entry element Domestic fiction.
650 #0 - SUBJECT ADDED ENTRY--TOPICAL TERM
Topical term or geographic name entry element Labor camps.
650 #0 - SUBJECT ADDED ENTRY--TOPICAL TERM
Topical term or geographic name entry element Migrant agricultural laborers.
650 #0 - SUBJECT ADDED ENTRY--TOPICAL TERM
Topical term or geographic name entry element Political fiction.
650 #0 - SUBJECT ADDED ENTRY--TOPICAL TERM
Topical term or geographic name entry element Rural families.
651 #0 - SUBJECT ADDED ENTRY--GEOGRAPHIC NAME
Geographic name California.
9 (RLIN) 78634
651 #0 - SUBJECT ADDED ENTRY--GEOGRAPHIC NAME
Geographic name Oklahoma
General subdivision History.
9 (RLIN) 78635
655 #7 - INDEX TERM--GENRE/FORM
Genre/form data or focus term Fiction.
Source of term lcgft
9 (RLIN) 73569
700 1# - ADDED ENTRY--PERSONAL NAME
Personal name Steinbeck, John.
887 ## - NON-MARC INFORMATION FIELD
Content of non-MARC field BRAC
Source of data 2982
888 ## -
-- 2982
942 ## - ADDED ENTRY ELEMENTS (KOHA)
Koha item type Books
Koha issues (borrowed), all copies 0
945 ## - LOCAL PROCESSING INFORMATION (OCLC)
c BK

No items available.